Nuclear many-body and medium effects in nuclear interactions and reactions : Fukuoka, Japan 25 - 26 October 2002

This volume contains the proceedings of the third meeting in the series of symposia and workshops on nuclear medium effects. The topics covered include many-body forces in few-nucleon systems, nuclear interactions in the medium, medium effects in nuclear reactions, properties of the nuclear medium,...

Descrizione completa

Salvato in:
Dettagli Bibliografici
Natura: Libro
Lingua:Undetermined
Pubblicazione: Singapore World Scientific 2003
Soggetti:
Tags: Aggiungi Tag
Nessun Tag, puoi essere il primo ad aggiungerne! !
Thư viện lưu trữ: Trung tâm Học liệu Trường Đại học Cần Thơ
LEADER 01046nam a2200205Ia 4500
001 CTU_156800
008 210402s9999 xx 000 0 und d
020 |c 146 
082 |a 539.7 
082 |b P963 
245 0 |a Nuclear many-body and medium effects in nuclear interactions and reactions : 
245 0 |b Fukuoka, Japan 25 - 26 October 2002 
245 0 |c Edited by K. Hatanaka... [et al.] 
260 |a Singapore 
260 |b World Scientific 
260 |c 2003 
520 |a This volume contains the proceedings of the third meeting in the series of symposia and workshops on nuclear medium effects. The topics covered include many-body forces in few-nucleon systems, nuclear interactions in the medium, medium effects in nuclear reactions, properties of the nuclear medium, and related topics, with special emphasis on work related to experimental data with intermediate-energy light-ion projectiles. 
650 |a Nuclear physics,Many-body problem 
904 |i Bạch Trúc 
980 |a Trung tâm Học liệu Trường Đại học Cần Thơ